Schaum's Outline of Theory and Problems of Strength of Materials (Record no. 7216)

000 -LEADER
fixed length control field 00508nam a22001817a 4500
001 - CONTROL NUMBER
control field 7216
003 - CONTROL NUMBER IDENTIFIER
control field BD-DhUET
008 - FIXED-LENGTH DATA ELEMENTS--GENERAL INFORMATION
fixed length control field 141207b xxu||||| |||| 00| 0 eng d
040 ## - CATALOGING SOURCE
Original cataloging agency DLC
Transcribing agency DLC
Modifying agency BD-DhUET
082 ## - DEWEY DECIMAL CLASSIFICATION NUMBER
Classification number 620.11
Item number NAS/1957
100 ## - MAIN ENTRY--PERSONAL NAME
Personal name Nash,Willam A.
245 ## - TITLE STATEMENT
Title Schaum's Outline of Theory and Problems of Strength of Materials
Statement of responsibility, etc. BY William A. Nash
250 ## - EDITION STATEMENT
Edition statement 1st ed.
260 ## - PUBLICATION, DISTRIBUTION, ETC. (IMPRINT)
Place of publication, distribution, etc. New York
Name of publisher, distributor, etc. Schaum's Publishing
Date of publication, distribution, etc. 1957
300 ## - PHYSICAL DESCRIPTION
Extent 301p.
Other physical details ill.
650 #0 - SUBJECT ADDED ENTRY--TOPICAL TERM
Topical term or geographic name as entry element Strength of materials
942 ## - ADDED ENTRY ELEMENTS (KOHA)
Koha item type General Book
Holdings
Sublocation or collection (holding branch) Koha normalized classification for sorting Shelving location Piece designation (barcode) Lost status Date acquired Koha date last seen Source of classification or shelving scheme Copy number Koha full call number Price effective from Koha item type Location (home branch) Not for loan Damaged status Withdrawn status
Central Library, BUET620_110000000000000_NAS1957Circulation section14812 2014-12-072014-12-07 1620.11/ NAS/19572014-12-07General BookCentral Library, BUET   
Central Library, BUET620_110000000000000_NAS_1957Reading section9614 2015-06-162015-06-16 2620.11//NAS/19572015-06-16Reading ItemCentral Library, BUET